| 000 | 00591nam a2200193Ii 4500 | ||
|---|---|---|---|
| 003 | JO-AjNU | ||
| 008 | 230605s9999||||xx |||||||||||||| ||und|| | ||
| 040 |
_aJO-AjNU _bara _erda _cJO-AjNU |
||
| 041 | _aara | ||
| 050 | 1 | 4 | _aBS315.N3722 |
| 100 | 3 |
_aإعداد: ناصيف، إميل, _eauthor _924215 |
|
| 245 | 0 | 0 | _aمن أروع ما قال الكتاب المقدس |
| 264 | 3 | 1 | _aبيروت: دار الجيل، د.ت |
| 300 | _a208ص | ||
| 336 |
_atext _btxt _2rdacontent |
||
| 337 |
_aunmediated _bn _2rdamedia |
||
| 338 |
_avolume _bnc _2rdacarrier |
||
| 650 | 4 |
_aالانجيل _924216 |
|
| 999 |
_aA8883 _c12451 _d12451 |
||